LEADER 00957nam0-22003491i-450- 001 990003047090403321 010 $a88-430-0249-X 035 $a000304709 035 $aFED01000304709 035 $a(Aleph)000304709FED01 035 $a000304709 100 $a20000920d1990----km-y0itay50------ba 101 0 $aita 102 $aIT 200 1 $a<>devianza minorile$eMetodi tradizionali e nuovi modelli di trattamento$fGaetano De Leo. 210 $aRoma$cLa NUova Italia Scientifica$d\c\\1990. 215 $a156 p.$d22 cm 225 1 $aStudi NIS psichiatria$v16 610 0 $aGiovani$aDevianza 610 0 $aGiovani e droga 676 $a15230 676 $a20120 676 $a20160 702 1$aDe Leo,$bGaetano$f<1940- > 801 0$aIT$bUNINA$gRICA$2UNIMARC 901 $aBK 912 $a990003047090403321 952 $a15230 DEL$b15115$fSES 959 $aSES 996 $aDevianza minorile$9462627 997 $aUNINA DB $aING01 LEADER 01197cam0-2200409---450 001 990004791860403321 005 20230118132045.0 035 $a000479186 035 $aFED01000479186 035 $a(Aleph)000479186FED01 100 $a19990604d1968----km-y0itay50------ba 101 1 $aita$cfre 102 $aIT 105 $ay---a---001yy 200 1 $a<>strutturalismo$fJean Piaget$gtraduzione e introduzione di Andrea Bonomi 210 $aMilano$cIl Saggiatore di Alberto Mondadori Editore$d1968 215 $a176 p.$d18 cm 225 1 $a<>gabbiani$iN. S.$v76 454 0$12002$a<>structuralisme 610 0 $aStrutturalismo 676 $a149.96 700 1$aPiaget,$bJean$f<1896-1980>$024722 702 1$aBonomi,$bAndrea 801 0$aIT$bUNINA$gRICA$2UNIMARC 901 $aBK 912 $a990004791860403321 952 $aP.1 PEP 28 BIS$bFil. Mod. 14341$fFLFBC 952 $a08 MM 62$b2215 C.E.$fDINED 952 $aP.1 PEP 28$bI.P.1066$fFLFBC 952 $a30.1113$b9156$fDARST 952 $aLEPORE 527$bLEPORE 527$fFARBC 959 $aFARBC 959 $aFLFBC 959 $aDINED 959 $aDARST 996 $aStrutturalismo$9144046 997 $aUNINA